书目信息 |
| 题名: |
欠发达地区环境与经济协调发展机制研究
|
|
| 作者: | 张坤 著 | |
| 分册: | ||
| 出版信息: | 北京 中国环境科学出版社 1999.06 |
|
| 页数: | 159页 | |
| 开本: | 32开 | |
| 丛书名: | ||
| 单 册: | ||
| 中图分类: | F112.1 | |
| 科图分类: | ||
| 主题词: | 经济--世界 , 国际经济关系 | |
| 电子资源: | ||
| ISBN: | 7-80135-788-4 | |
| 000 | 00643nam0 2200205 45 | |
| 001 | 0010111013 | |
| 005 | 20001011100557.6 | |
| 010 | @a7-80135-788-4@d17.00元 | |
| 100 | @a20001011d1999 km y0chiy0120 ea | |
| 101 | 0 | @achi |
| 105 | @a z 000yy | |
| 200 | 1 | @a欠发达地区环境与经济协调发展机制研究@AQian Fa Da Di Qu Huan Jing Yu Jing Ji Xie Diao Fa Zhan Ji Zhi Yan Jiu@f张坤等著@FZhang Kun Deng Zhu |
| 210 | @a北京@c中国环境科学出版社@d1999.06 | |
| 215 | @a159页@d32开 | |
| 606 | 0 | @a经济@x世界 |
| 606 | 0 | @a国际经济关系 |
| 690 | @aF112.1@v3 | |
| 701 | 0 | @a张坤@4著 |
| 801 | @aCN@bPftUser@c20001011 | |
| 905 | @b175192-193@dF112.1@eZH.708@f2 | |
| 欠发达地区环境与经济协调发展机制研究/张坤等著.-北京:中国环境科学出版社,1999.06 |
| 159页;32开 |
| ISBN 7-80135-788-4:17.00元 |
| ● |
| 相关链接 |
|
|
|
正题名:欠发达地区环境与经济协调发展机制研究
索取号:F112.1/ZH.708
 
预约/预借
| 序号 | 登录号 | 条形码 | 馆藏地/架位号 | 状态 | 备注 |
| 1 | 175192 | 201751924 | 社科库409/409社科库 66排4列2层/ [索取号:F112.1/ZH.708] | 在馆 | |
| 2 | 175193 | 201751933 | 社科库409/409社科库 66排4列2层/ [索取号:F112.1/ZH.708] | 在馆 |